000
002760000a22000970004500
100
1
_a
Billington, Antony
245
1
0
_a
Teasures New and Old : Literary approaches to biblical interpretation
300
_a
Vol. 13, Nñum 3 (1995), Páginas 83-89
773
0
_t
Evangel
942
_c
ANA
999
_c
54204
_d
54204